000 00703cam a2200253 4500
008 090401t1996 xxu||||| |||| 00| 0 eng d
020 _a0750612762
035 _a(Sirsi) u9092
041 _aeng
050 _a725.8
100 _aAppleton, Ian
245 _aBuildings for the performing arts : a design and development guide.
260 _aOxford
_bButterworth-Heinemann
_c1996
300 _aviii,230p. : ill. ; 28cm.
350 _a45
650 _aARCHITECTURE
650 _aBUILT ENVIRONMENT-CONSTRUCTION DESIGN
650 _aCONCERT HALLS
650 _aPERFORMING ARTS
650 _aTHEATRES
690 _aBUILT ENVIRONMENT-CONSTRUCTION DESIGN
942 _n0
948 _c04/03/1997
999 _c86598
_d86598